2021/22 EFL Premier League Teams - Statistics

General Stats
  • This quiz has been taken 22 times
  • The average score is 18 of 20
Answer Stats
Place Team Pts % Correct
5 Arsenal 69
100%
3 Chelsea 74
100%
2 Liverpool 92
100%
1 Manchester City 93
100%
6 Manchester United 58
100%
4 Tottenham Hotspur 71
100%
14 Aston Villa 45
95%
8 Leicester City 52
95%
11 Newcastle United 49
95%
7 West Ham United 56
90%
9 Brighton & Hove Albion 51
86%
18 Burnley 35
86%
12 Crystal Palace 48
81%
16 Everton 39
81%
17 Leeds United 38
81%
20 Norwich City 22
81%
13 Brentford 46
76%
15 Southampton 40
76%
10 Wovlerhampton Wanderers 51
76%
19 Watford 23
71%
No matching quizzes found
Score Distribution
Percent of People with Each Score
Percentile by Number Answered
Your Score History
You have not taken this quiz